چا رکی چو د ہ کہا نيا ن (Record no. 87640)
[ view plain ]
| 000 -LEADER | |
|---|---|
| fixed length control field | 00771nam a22002297a 4500 |
| 005 - DATE AND TIME OF LATEST TRANSACTION | |
| control field | 20140806120203.0 |
| 008 - FIXED-LENGTH DATA ELEMENTS--GENERAL INFORMATION | |
| fixed length control field | 140714b xxu||||| |||| 00| 0 Urdu d |
| 010 ## - LCCN (DPL NO) | |
| LC control number | UR-201 |
| 020 ## - INTERNATIONAL STANDARD BOOK NUMBER | |
| Terms of availability | 30.00 |
| 035 ## - SYSTEM CONTROL NUMBER | |
| System control number | U-201 |
| 037 ## - SOURCE OF ACQUISITION | |
| Source of stock number/acquisition | BPPD/Publishers/Venders |
| 040 ## - CATALOGING SOURCE | |
| Original cataloging agency | DPL |
| Language of cataloging | Urdu |
| 082 ## - DEWEY DECIMAL CLASSIFICATION NUMBER | |
| Classification number | ک |
| 100 ## - MAIN ENTRY--PERSONAL NAME | |
| Personal name | با نو سر تا ج |
| 245 ## - TITLE STATEMENT | |
| Title | چا رکی چو د ہ کہا نيا ن |
| Statement of responsibility, etc | با نو سر تا ج |
| 246 ## - VARYING FORM OF TITLE | |
| Title proper/short title | Char ki Choudha Kahanian |
| Remainder of title | by Sartaj Bano |
| 260 ## - PUBLICATION, DISTRIBUTION, ETC. (IMPRINT) | |
| Name of publisher, distributor, etc | Rahmani Publications |
| -- | K.K.P.( Vender) |
| Date of publication, distribution, etc | 2013 |
| 260 ## - PUBLICATION, DISTRIBUTION, ETC. (IMPRINT) | |
| Place of publication, distribution, etc | 4806/24,Bharat Ram Road,Dariya Gunj,New Delhi-2 |
| 270 ## - ADDRESS | |
| Address | 1032-ا سلا م پو ر ہ ما لی گا ؤ ن |
| City | نا سک |
| Postal code | 423203 |
| Telephone number | 9890801886 |
| 300 ## - PHYSICAL DESCRIPTION | |
| Extent | 56ص |
| Dimensions | 22Cm(Pb) |
| 942 ## - ADDED ENTRY ELEMENTS (KOHA) | |
| Source of classification or shelving scheme | Dewey Decimal Classification |
| Item type | Urdu Bks |
| Call number suffix | ب ا ن |
| Classification part | ک |
No items available.
